LEADER 01071cam--2200373---450 001 990001492410203316 005 20220623144210.0 010 $a88-15-09639-6 035 $a000149241 035 $aUSA01000149241 035 $a(ALEPH)000149241USA01 035 $a000149241 100 $a20040310d2004----km-y0enga50------ba 101 0 $aita 102 $aIT 105 $aa|||||||001yy 200 1 $a<> lingua dei segni italiana$ela comunicazione visivo-gestuale dei sordi$fa cura di Virginia Volterra 205 $aNuova ed. 210 $aBologna$cIl Mulino$d2004 215 $a282 p.$cill.$d22 cm. 225 2 $aItinerari 410 $12001$aItinerari 606 0 $aSordi$xLinguaggio$yItalia 676 $a419.45 702 1$aVOLTERRA,$bVirginia 801 0$aIT$bsalbc$gISBD 912 $a990001492410203316 951 $aIV.2. 1607(XII A 117)$b173214 L.M.$cXII A$d00093927 951 $aXVII A.A. 2997$b7501 dlas$cXVII A.A.$d564140 959 $aBK 969 $aUMA 969 $aCAS 996 $aLingua dei segni italiana$9934453 997 $aUNISA